<?xml version="1.0" encoding="UTF-8"?>
<collection xmlns="http://www.loc.gov/MARC21/slim">
 <record>
  <leader>00497pamaa2200157   4500</leader>
  <controlfield tag="001">0000035741</controlfield>
  <controlfield tag="005">20070216090000.0</controlfield>
  <datafield tag="020" ind1="0" ind2="0">
   <subfield code="a">0516483854 (pbk) </subfield>
  </datafield>
  <datafield tag="090" ind1="0" ind2="0">
   <subfield code="a">QL83 </subfield>
   <subfield code="b">SER 1993</subfield>
  </datafield>
  <datafield tag="100" ind1="1" ind2="0">
   <subfield code="a">SERRA NARANJO </subfield>
  </datafield>
  <datafield tag="245" ind1="1" ind2="0">
   <subfield code="a">Great animal refuges  </subfield>
   <subfield code="c">by Rafael Serra Naranjo.</subfield>
  </datafield>
  <datafield tag="260" ind1="0" ind2="0">
   <subfield code="a">Chicago: </subfield>
   <subfield code="b">Children Press, </subfield>
   <subfield code="c">1993.</subfield>
  </datafield>
  <datafield tag="300" ind1=" " ind2=" ">
   <subfield code="a">33p.: </subfield>
   <subfield code="b">col.ill.; </subfield>
   <subfield code="c">29cm.</subfield>
  </datafield>
  <datafield tag="440" ind1="0" ind2="0">
   <subfield code="a">The World Heritage</subfield>
  </datafield>
  <datafield tag="650" ind1="0" ind2="0">
   <subfield code="a">Wildlife refuges -- </subfield>
   <subfield code="x">Juvenile literature </subfield>
  </datafield>
  <datafield tag="650" ind1="0" ind2="0">
   <subfield code="a">National parks and reserves -- </subfield>
   <subfield code="x">Juvenile literature </subfield>
  </datafield>
 </record>
</collection>
